[Event "Shen Zhen Luo Hu Match 2018"]
[Site "Shenzhen"]
[Date "2018.06.14"]
[Round "10"]
[White "Yu, Yangyi"]
[Black "Svidler, Peter"]
[Result "0-1"]
[WhiteElo "2759"]
[BlackElo "2753"]
[Annotator "TA"]
[PlyCount "128"]
[EventDate "2018.??.??"]
[EventCountry "CHN"]
[SourceTitle "playchess.com"]
[Source "ChessBase"]
[SourceQuality "1"]

{[%evp 19,128,8,10,13,27,16,27,20,31,20,20,16,24,26,25,25,54,48,37,51,72,64,80,76,73,73,73,73,73,73,71,71,72,70,86,80,79,19,20,0,0,0,47,13,47,47,47,47,45,0,0,0,0,0,0,0,0,0,0,0,0,0,0,0,0,0,0,0,0,0,0,0,0,0,0,1,33,0,0,0,0,0,0,0,0,0,0,0,0,-12844,-12844,-12846,-12847,-12847,-12847,-12850,-12848,-12849,-12849,-12850,-12850,-12850,-12851,-12851,-12851,-12851,-29941,-12851,-12851,-12851,-29992]} 1. e4 e5 2. Nf3 Nc6 3. Bb5 a6 4. Ba4 Nf6 5. O-O Be7 6. Re1 b5 7. Bb3 O-O 8. a4 b4 9. a5 d6 10. d3 Rb8 {LiveBook: 39 Games. C88: Closed Ruy Lopez: Anti-Marshall Systems} (10... Be6 11. Bxe6 fxe6 12. h3 Qb8 13. c3 Qb5 14. c4 Qb7 15. Nbd2 Nd7 16. Nb3 Nd8 17. d4 exd4 18. Nbxd4 c5 19. Nxe6 Nxe6 {½-½ (36) Vachier Lagrave,M (2789)-Aronian,L (2794) Karlsruhe/Baden-Baden 2018}) 11. h3 h6 $146 ({Predecessor:} 11... Be6 12. Nbd2 Nd7 13. Ba4 Nd4 14. Nxd4 exd4 15. f4 Nc5 16. f5 Bd7 17. Bxd7 Nxd7 18. Nf3 {½-½ (60) Einarsson,H (2320)-Sigfusson,S (2290) Reykjavik 1993}) 12. Be3 Re8 {The position is equal.} 13. Nbd2 Bf8 14. c3 Be6 15. Ba4 Bd7 16. Qc2 Ne7 17. d4 $36 {[%mdl 2048] White is more active.} bxc3 18. bxc3 Ng6 19. d5 Qc8 20. Reb1 Be7 21. Rxb8 Qxb8 22. Bxd7 Nxd7 23. Qa4 Ngf8 24. Qc6 Qa8 25. Qxa8 Rxa8 26. Rb1 Rb8 27. Rxb8 Nxb8 28. c4 (28. Ne1 $16) 28... c5 $11 29. Nb3 Nbd7 30. Ne1 Bg5 31. Nc2 Ng6 32. Bxg5 hxg5 $14 {[%mdl 4096] Endgame KNN-KNN} 33. Ne3 {Strongly threatening Nf5.} Ne7 34. Nf5 Nxf5 35. exf5 $11 {KN-KN} g6 $1 36. fxg6 f5 $1 37. g4 fxg4 38. hxg4 Kg7 39. Kg2 Kxg6 40. Kf3 Nf6 41. Nd2 Kf7 42. Nf1 e4+ 43. Kg3 Nd7 44. Nd2 Ne5 45. Nxe4 Nxc4 46. Nxg5+ Ke7 $1 47. Ne4 Nxa5 48. f4 Nc4 49. g5 Ne3 50. Kf3 Nxd5 51. f5 a5 {[%cal Ba6a5,Ba5a4,Ba4a3,Ba3a2][%mdl 32] Threatens to win with ...a4.} 52. g6 a4 {Hoping for ...a3.} 53. g7 Kf7 {...a3 is the strong threat.} 54. f6 $2 {[%mdl 8192]} (54. Nxd6+ $11 Kxg7 55. Nb5) 54... a3 $19 55. Nxd6+ Kg8 56. Nf5 Nxf6 57. Ne3 {[#]} Nd5 $1 {[%mdl 512] ( -> ...Nxe3)} 58. Nc2 (58. Nxd5 a2) 58... a2 59. Ke4 Nb4 60. Na1 Kxg7 61. Ke5 Kg6 62. Kd6 Nd3 {[#]} (62... Na6 $19 63. Kc6 Kf6) 63. Kd5 Kf5 64. Nc2 Nb4+ {Precision: White = 66%, Black = 67%.} 0-1

[Event "Shen Zhen Luo Hu Match 2018"]
[Site "Shenzhen"]
[Date "2018.06.14"]
[Round "11"]
[White "Svidler, Peter"]
[Black "Yu, Yangyi"]
[Result "1/2-1/2"]
[WhiteElo "2753"]
[BlackElo "2759"]
[Annotator "TA"]
[PlyCount "104"]
[EventDate "2018.??.??"]
[EventCountry "CHN"]
[SourceTitle "playchess.com"]
[Source "ChessBase"]
[SourceQuality "1"]

{[%evp 25,104,0,0,-4,-4,-11,0,4,197,197,189,189,193,178,190,191,183,186,188,190,209,202,242,235,251,251,247,244,218,210,206,180,229,197,252,251,245,191,290,299,273,165,168,164,150,169,210,187,279,282,499,495,493,453,452,0,0,0,0,0,0,0,0,0,0,0,0,0,0,0,0,0,0,0,0,0,0,0,0,0,0]} 1. e4 e6 2. d4 d5 3. Nd2 Be7 4. Bd3 c5 5. dxc5 Nf6 6. Ngf3 dxe4 7. Nxe4 Nxe4 8. Bxe4 Qxd1+ 9. Kxd1 Bxc5 10. Ke2 Nd7 {C03: French Tarrasch: Unusual Black 3rd moves} 11. Be3 (11. c3 Nf6 12. Bc2 Ke7 13. Rd1 Rd8 14. Rxd8 Kxd8 15. Ne5 Ke7 16. Be3 Bxe3 17. Kxe3 Nd5+ 18. Ke2 {½-½ (99) Alekseev,E (2653)-Demidov,M (2513) St Petersburg 2015}) 11... Bxe3 12. Kxe3 Nc5 13. Rhd1 Ke7 {LiveBook: 4 Games} 14. Bd3 f6 15. Bc4 $146 ({Predecessor:} 15. Nd4 Bd7 16. Be2 Rac8 17. b3 e5 18. Nb5 f5 19. Rd5 f4+ 20. Kd2 Bxb5 21. Bxb5 a6 22. Bd3 {½-½ (22) Laurent,B (2291)-Duppel,M (2447) Belgium 2003}) 15... Bd7 16. b4 Na4 $2 {[#]} (16... Na6 $11 {and Black is okay.}) 17. Rxd7+ $1 $18 Kxd7 18. Bb5+ Ke7 {...Nc3 is the strong threat.} 19. Bxa4 Rhc8 20. Bb3 a5 21. bxa5 Rxa5 22. Rd1 g6 23. Rd4 Rc7 24. Rh4 h5 25. Rb4 Rd7 26. Rb6 Ra6 27. Rxa6 bxa6 28. h4 Kd6 29. g3 Rc7 (29... Rg7 $142 30. Nd2 Rc7) 30. Nd2 e5 31. Kd3 f5 (31... Rd7 $142 32. Nc4+ Kc5+ 33. Ke3 Ra7) 32. Nc4+ Kd5 33. Ne3+ Kc5 34. Nd5 Rd7 35. c4 {[%cal Bc2c4,Bc4b5][%mdl 32]} a5 36. Ba4 Rb7 {[#]} (36... Rg7 $142 37. Nf6 Rc7) 37. Bb5 $1 Rxb5 $2 (37... Rf7 {was called for.} 38. Be8 Rb7) 38. cxb5 Kxd5 {[%mdl 4096] Endgame KP-KP} 39. a4 Kc5 40. f3 $2 (40. Kd2 $18 {Threatens to win with Kd3.} Kd5 41. Kd3) 40... Kd5 $1 $11 {The position is equal.} 41. Ke2 (41. Kc3 {is interesting.} Kc5 42. Kb3 Kd5 43. Kb2 Kc5 44. Kc2) 41... Kc5 42. Kf2 Kd5 43. Kg2 Kc5 44. Kh3 Kd5 45. g4 Kc5 46. gxh5 gxh5 47. Kg2 Kd5 48. Kf2 Kc5 49. Ke2 (49. f4 $5 {[%cal Rf4e5]} e4 50. Ke2 $11) 49... Kd5 50. Kd3 Kc5 51. Kc3 Kd5 $1 52. Kd3 Kc5 {Precision: White = 90%, Black = 53%.} 1/2-1/2

[Event "Shen Zhen Luo Hu Match 2018"]
[Site "Shenzhen"]
[Date "2018.06.14"]
[Round "12"]
[White "Yu, Yangyi"]
[Black "Svidler, Peter"]
[Result "1/2-1/2"]
[WhiteElo "2759"]
[BlackElo "2753"]
[Annotator "TA"]
[PlyCount "63"]
[EventDate "2018.??.??"]
[EventCountry "CHN"]
[SourceTitle "playchess.com"]
[Source "ChessBase"]
[SourceQuality "1"]

{[%evp 18,63,0,0,6,13,56,56,61,37,59,10,13,0,0,15,17,-6,10,0,8,-10,0,0,-5,-12,-12,-30,-30,-30,-30,-39,-30,-35,-15,-17,0,0,0,0,0,0,0,0,0,0,0,0]} 1. e4 c5 2. Nf3 e6 3. d4 cxd4 4. Nxd4 Nc6 5. Nc3 a6 6. Be3 Nf6 7. Nxc6 bxc6 {B46: Sicilian: Taimanov: 5 Nc3 a6} 8. e5 (8. Bd3 d5 9. e5 Nd7 10. f4 c5 11. Bf2 g5 12. Qh5 gxf4 13. O-O Bg7 14. Rae1 c4 15. Nxd5 cxd3 {0-1 (50) Hammer,J (2677)-Giri,A (2773) Stavanger 2015}) 8... Nd5 9. Nxd5 cxd5 10. Qd4 {LiveBook: 5 Games} Bb7 11. Bd3 Rc8 $146 ({Predecessor:} 11... d6 12. f4 Rc8 13. O-O dxe5 14. fxe5 Bc5 15. Qf4 {0-1 (26) Benderac,A (2225)-Cramling,P (2523) Belgrade 2013}) 12. O-O Qc7 13. c3 Bc5 14. Qxc5 (14. Qf4 {keeps more tension.} O-O 15. Qh4 g6 16. Bf4 Rfe8 17. Qg3) 14... Qxc5 15. Bxc5 Rxc5 16. f4 Ke7 17. Kf2 a5 18. Ke3 Rc6 19. Rfc1 Rb8 20. b3 Ba6 21. Bxa6 ({Don't go for} 21. Bxh7 $2 g6 $19) 21... Rxa6 $11 {[%mdl 4096] Endgame KRR-KRR} 22. c4 a4 23. cxd5 exd5 24. Rab1 axb3 25. axb3 Rb4 26. Rd1 {The position is equal.} Rab6 (26... Ke6 {seems wilder.} 27. Rd4 Rb5 28. b4 d6 29. exd6 Kxd6 30. Rb2 g6) 27. Rxd5 Rxb3+ 28. Rxb3 Rxb3+ 29. Kf2 Rb2+ 30. Kf3 Rb3+ 31. Kg4 Rb2 32. Kf3 {Precision: White = 64%, Black = 40%.} 1/2-1/2

[Event "Shen Zhen Luo Hu Match 2018"]
[Site "Shenzhen"]
[Date "2018.06.14"]
[Round "13"]
[White "Svidler, Peter"]
[Black "Yu, Yangyi"]
[Result "1-0"]
[WhiteElo "2753"]
[BlackElo "2759"]
[Annotator "TA"]
[PlyCount "99"]
[EventDate "2018.??.??"]
[EventCountry "CHN"]
[SourceTitle "playchess.com"]
[Source "ChessBase"]
[SourceQuality "1"]

{[%evp 25,99,13,19,3,16,9,14,10,9,-15,0,0,0,-46,-39,-64,-65,-70,-30,-94,-93,-96,-93,-119,-102,-118,-80,-83,-51,-84,-77,-115,-78,-91,-83,-64,-36,-59,-6,-40,0,-8,21,24,19,31,22,0,26,0,0,0,0,0,29993,29994,29994,29995,29995,29996,29996,29993,29993,29993,29993,12841,29994,29995,29996,29993,29993,29994,29994,29995,29996,29997]} 1. Nf3 Nf6 2. c4 g6 3. g3 Bg7 4. Bg2 O-O 5. O-O d6 6. d4 Nc6 7. Nc3 e5 8. d5 Nb8 9. Ne1 {E62: King's Indian: Fianchetto: 6...c6 and Panno Variation (6...Nc6) without ...a6} a5 10. Nd3 Na6 11. e4 Nd7 12. Be3 Ndc5 13. Nxc5 Nxc5 {LiveBook: 9 Games} 14. Qd2 f5 15. exf5 gxf5 16. f4 e4 17. Bd4 {[#]} Bd7 $146 18. Bxg7 Kxg7 19. Qd4+ (19. g4 $5) 19... Qf6 20. Qxf6+ Kxf6 21. Rfd1 h5 {[%cal Bh7h5,Bh5h4][%mdl 32]} 22. Rd2 {[#]} (22. h4 $1 $11 {remains equal.}) 22... h4 $1 $17 {[%mdl 512]} 23. Re1 (23. gxh4 Rh8) 23... Rh8 24. Re3 Rag8 25. Bf1 hxg3 26. hxg3 Rh4 27. Rg2 Rh3 28. Nd1 Rh7 (28... Rgh8 {is interesting.} 29. Nf2 R3h7 30. Be2 c6 31. Kf1 Be8) 29. Rh2 Rxh2 30. Kxh2 Rb8 31. Nc3 Be8 ({Black should try} 31... Rh8+ $15 32. Kg2 a4) 32. Be2 (32. g4 $5) 32... c6 33. g4 {[%cal Bg3g4,Bg4g5][%mdl 32]} Bf7 34. g5+ Kg7 35. Rh3 cxd5 36. Nxd5 Ne6 37. Kg3 Nd4 38. Kf2 b5 {Hoping for ...bxc4.} 39. Nf6 Bxc4 $2 {[%mdl 8192] [#]} (39... Nxe2 $11 40. Rh7+ Kg6 41. Rh6+ Kg7 42. Kxe2 Bxc4+ 43. Ke3 Bf7) 40. Rh7+ Kf8 41. Bxc4 bxc4 {[%mdl 4096] Endgame KRN-KRN} 42. g6 {[%csl Gg6][%cal Rh7f7]} Rxb2+ 43. Ke3 {[%csl Gg6][%cal Rh7f7]} Nc2+ 44. Kd2 {[%csl Gg6][%cal Rh7f7]} Nb4+ 45. Kc3 (45. Kd1 $142 Rb1+ 46. Ke2 Rb2+ 47. Kf1 Rb1+ 48. Kg2 Rb2+ 49. Kg3 Rb3+ 50. axb3 cxb3 51. Rf7#) 45... Rc2+ 46. Kd4 {[%csl Gg6][%cal Rh7f7] White mates.} Nc6+ 47. Ke3 {[%csl Gg6][%cal Rh7f7]} Rc3+ 48. Kf2 {[%csl Gg6][%cal Rh7f7]} Rc2+ 49. Kg3 {[%csl Gg6][%cal Rh7f7]} Rc3+ 50. Kh4 {Precision: White = 60%, Black = 31%.} 1-0

[Event "Shen Zhen Luo Hu Match 2018"]
[Site "Shenzhen"]
[Date "2018.06.14"]
[Round "14"]
[White "Yu, Yangyi"]
[Black "Svidler, Peter"]
[Result "1-0"]
[WhiteElo "2759"]
[BlackElo "2753"]
[Annotator "TA"]
[PlyCount "49"]
[EventDate "2018.??.??"]
[EventCountry "CHN"]
[SourceTitle "playchess.com"]
[Source "ChessBase"]
[SourceQuality "1"]

{[%evp 15,49,0,0,0,0,0,22,19,21,0,0,0,21,22,29,39,29,23,13,14,73,73,74,66,102,83,383,385,680,673,679,670,670,639,1871,1733]} 1. d4 Nf6 2. c4 g6 3. Nc3 d5 4. cxd5 Nxd5 5. e4 Nxc3 6. bxc3 Bg7 7. Nf3 c5 8. h3 O-O 9. Be3 {D85: Exchange Grünfeld: Unusual White 7th moves and lines with 7 Nf3} Qa5 {White must now prevent ...cxd4.} 10. Bd2 cxd4 11. cxd4 {The position is equal.} Qa3 12. Be2 Nc6 13. d5 Nd4 14. Nxd4 Bxd4 15. Rb1 {[#]} Qxa2 $146 ({Predecessor:} 15... f5 16. O-O Bc5 17. e5 f4 18. Bf3 Bf5 19. Rxb7 Qxa2 20. d6 exd6 21. Bc3 Be6 22. exd6 Bf7 23. Rxf7 {1-0 (23) Handke,F (2531)-Jumabayev,R (2606) Berlin 2015}) 16. O-O Bf6 17. Bf4 $36 {[%mdl 2048] White has some pressure.} Qa5 (17... b6 $11) 18. e5 $16 {[%mdl 1024] White has strong compensation.} Bg7 19. Bf3 Rd8 20. Re1 b5 $2 {[%mdl 8192]} (20... Bf5 $16) 21. d6 $18 {[%cal Bd5d6,Bd6e7][%mdl 32]} Rb8 $2 {[#]} (21... exd6 22. Bd2 (22. Bxa8 dxe5 23. Bd5 exf4 $11) (22. exd6 Rb8 $16) 22... Qb6 23. Bxa8 Bf5) 22. dxe7 $1 {[%mdl 512] White is clearly winning.} Re8 23. e6 Bxe6 24. Bxb8 {aiming for Rxe6!} Rxb8 {[#]} 25. Rxe6 $1 {[%mdl 512] Precision: White = 79%, Black = 36%.} 1-0

[Event "Shen Zhen Luo Hu Match 2018"]
[Site "Shenzhen"]
[Date "2018.06.14"]
[Round "15"]
[White "Svidler, Peter"]
[Black "Yu, Yangyi"]
[Result "1/2-1/2"]
[WhiteElo "2753"]
[BlackElo "2759"]
[Annotator "TA"]
[PlyCount "62"]
[EventDate "2018.??.??"]
[EventCountry "CHN"]
[SourceTitle "playchess.com"]
[Source "ChessBase"]
[SourceQuality "1"]

{[%evp 13,62,0,20,18,16,-8,-8,-8,-8,-8,-8,-8,-8,-14,0,0,59,59,51,48,52,51,77,77,75,84,71,82,75,11,3,0,7,0,0,0,0,0,0,-1,-8,-8,0,0,0,0,0,0,0,-2,0]} 1. Nf3 Nf6 2. c4 g6 3. g3 Bg7 4. Bg2 O-O 5. O-O d6 6. Nc3 e5 {[%cal Be7e5,Be5d4,Bd4d3][%mdl 32]} 7. b4 Nc6 {LiveBook: 5 Games. A24: English Opening vs King's Indian: Lines without ...Nc6} 8. b5 Nd4 9. Nxd4 $146 ({Predecessor:} 9. Bb2 Bg4 10. Ne1 Qc8 11. d3 a6 12. Nc2 Nxc2 13. Qxc2 axb5 14. cxb5 Bh3 15. a4 Bxg2 16. Kxg2 {½-½ (47) Duda,J (2697)-Kovalev,V (2641) Khanty-Mansiysk 2017}) 9... exd4 10. Nd5 $1 Nxd5 11. Bxd5 d3 12. Rb1 Bg4 13. Bf3 Bxf3 14. exf3 Qf6 ({Better is} 14... d5 $11) 15. Bb2 $14 Qf5 16. Bxg7 Kxg7 17. Re1 Rae8 18. Re3 d5 19. cxd5 Rxe3 20. fxe3 Qxd5 $16 {[%mdl 4096] Endgame KQR-KQR} 21. Qb3 (21. Rb3 $16) 21... Qxf3 $11 {The position is equal.} 22. Qxd3 Qf6 23. Rc1 Rd8 24. Qc3 Qxc3 25. Rxc3 Rxd2 26. Rxc7 Rxa2 {Threatening ...b6.} 27. Rxb7 {KR-KR} Kf6 28. b6 axb6 29. Rxb6+ Kf5 30. Rb7 Kf6 31. Rb6+ Kf5 {Precision: White = 67%, Black = 63%.} 1/2-1/2

[Event "Shen Zhen Luo Hu Match 2018"]
[Site "Shenzhen"]
[Date "2018.06.14"]
[Round "16"]
[White "Yu, Yangyi"]
[Black "Svidler, Peter"]
[Result "1-0"]
[WhiteElo "2759"]
[BlackElo "2753"]
[Annotator "TA"]
[PlyCount "37"]
[EventDate "2018.??.??"]
[EventCountry "CHN"]
[SourceTitle "playchess.com"]
[Source "ChessBase"]
[SourceQuality "1"]

{[%evp 18,37,0,0,14,14,25,0,27,-8,-8,-7,-10,-22,-24,-45,-30,-37,119,83,489,504]} 1. d4 Nf6 2. c4 g6 3. Nc3 d5 4. cxd5 Nxd5 5. e4 Nxc3 6. bxc3 Bg7 7. Nf3 c5 8. h3 O-O 9. Be3 {D85: Grünfeldindisch (Abtauschvariante, 7.Sf3 bzw nicht 7.Lc4)} Qa5 10. Bd2 {LiveBook: 16 Partien} cxd4 11. cxd4 {Die Stellung ist ausgeglichen.} Qa3 12. Be2 $146 ({Vorgänger:} 12. Bc4 Nc6 13. d5 Na5 14. Rc1 Nxc4 15. Rxc4 Bd7 16. Qb3 Qxb3 17. axb3 {½-½ (58) Grandelius,N (2641)-Alsina Leal,D (2521) Linares 2016}) 12... Rd8 13. O-O Bxd4 14. Nxd4 Rxd4 15. Qc2 Nc6 16. Bb5 Be6 17. Be3 Nb4 $2 {[#]} (17... a6 $15 {behält die Oberhand.} 18. Bxc6 Rc4) 18. Qc7 $1 $16 Rxe4 $2 {[%mdl 8192] [#]} (18... Rc8 $16 19. Qxb7 Rdd8) 19. Bc1 $1 1-0

[Event "Shen Zhen Luo Hu Match 2018"]
[Site "Shenzhen"]
[Date "2018.06.14"]
[Round "17"]
[White "Svidler, Peter"]
[Black "Yu, Yangyi"]
[Result "0-1"]
[WhiteElo "2753"]
[BlackElo "2759"]
[Annotator "TA"]
[PlyCount "70"]
[EventDate "2018.??.??"]
[EventCountry "CHN"]
[SourceTitle "playchess.com"]
[Source "ChessBase"]
[SourceQuality "1"]

{[%evp 13,70,3,56,25,25,8,7,0,0,0,0,0,0,0,0,0,7,0,0,-18,0,-4,0,0,0,-35,-28,-50,-55,-66,-59,-53,-39,-39,-27,-57,0,0,0,0,16,-48,0,-18,-30,-24,-17,-70,-75,-686,-664,-1007,-946,-722,-333,-335,-220,-29992,-29993]} 1. e4 e6 2. d4 d5 3. Nc3 Bb4 4. e5 c5 5. a3 Bxc3+ 6. bxc3 Qa5 7. Bd2 c4 (7... Qa4 $11) 8. h4 {C18: French: 3 Nc3 Bb4: Main line: 7 h4 and 7 Qg4} (8. Qg4 g6 9. Nf3 Bd7 10. Be2 Ba4 11. Ra2 Qc7 12. O-O Nd7 13. Bg5 Nb6 14. Rb1 h6 15. Qh4 Bc6 {1-0 (37) Zarate,J (2287)-Martins Barriga,F (2231) ICCF email 2016}) 8... Ne7 9. h5 h6 10. Nh3 {The position is equal.} Qa4 11. Nf4 Nbc6 12. g3 Bd7 13. Bh3 O-O-O 14. O-O Kb8 15. Kh2 Ka8 $146 ({Predecessor:} 15... Bc8) 16. Ng2 Rdf8 17. Qc1 f6 18. exf6 Rxf6 19. Bf4 g5 20. hxg6 Nxg6 21. Bd6 e5 22. dxe5 Ncxe5 23. Bxe5 Nxe5 24. f4 Ng4+ (24... Nf7 $15) 25. Bxg4 $1 $11 Bxg4 26. Qd2 Rd8 27. Qd4 ({White should try} 27. Rae1 $11) 27... Re6 28. Ne3 h5 {[%cal Bh6h5,Bh5g4][%mdl 32]} 29. Rae1 $1 Re4 ({Don't blunder} 29... Qxa3 $2 30. Ra1 $18) 30. Qf6 (30. Qd2 $11) 30... Rde8 $15 31. Nxg4 $2 {[%mdl 8192] [#]} (31. Qg5 $17) 31... hxg4 $19 ({Weaker is} 31... Rxe1 32. Rxe1 Qxc2+ 33. Kh3 $15) 32. Rxe4 Qxc2+ ({Not} 32... dxe4 33. Rf2 $17) 33. Kg1 Qxe4 (33... dxe4 $142 34. Qh4 e3) 34. f5 a6 35. Qd6 $2 {[#]} (35. Rf2 $19) 35... Rh8 {Precision: White = 38%, Black = 75%.} 0-1

[Event "Shen Zhen Luo Hu Match 2018"]
[Site "Shenzhen"]
[Date "2018.06.14"]
[Round "18"]
[White "Yu, Yangyi"]
[Black "Svidler, Peter"]
[Result "1-0"]
[WhiteElo "2759"]
[BlackElo "2753"]
[Annotator "TA"]
[PlyCount "104"]
[EventDate "2018.??.??"]
[EventCountry "CHN"]
[SourceTitle "playchess.com"]
[Source "ChessBase"]
[SourceQuality "1"]

{[%evp 14,104,45,12,38,27,30,31,47,33,54,45,52,44,80,81,58,58,70,63,78,81,83,72,100,107,132,53,52,66,62,56,60,60,67,64,290,250,642,257,258,270,255,99,306,291,285,270,1027,368,367,336,354,294,258,190,254,0,43,25,18,25,226,208,237,239,219,223,220,217,116,0,0,-231,-131,-12839,-12839,-12840,-12840,-29989,-29990,-29990,-12831,-12832,-12832,-12832,-12832,-6211,-2322,-1161,0,0,736]} 1. d4 d6 2. e4 Nf6 3. Nc3 g6 4. Nf3 Bg7 5. Be2 O-O 6. O-O Nc6 7. d5 Nb8 8. a4 {LiveBook: 28 Games} e6 {B08: Pirc Defence: Classical System} (8... Bg4 9. h3 Bxf3 10. Bxf3 c6 11. a5 a6 12. Be3 Nbd7 13. Bd4 Re8 14. Re1 Qc7 15. Na4 e5 16. Bb6 Nxb6 17. Nxb6 {0-1 (33) Kasparov,G (2812)-Short,N (2664) Saint Louis 2015}) 9. Bg5 $146 ({Predecessor:} 9. h3 Re8 10. Re1 Nbd7 11. dxe6 Rxe6 12. Bc4 Re8 13. e5 Nxe5 14. Nxe5 dxe5 15. Qxd8 Rxd8 16. Rxe5 {½-½ (35) Atakisi,U (2335)-Esen,B (2565) Adana 2015}) 9... h6 10. Be3 exd5 {White is slightly better.} 11. exd5 Re8 12. Qd2 Ng4 13. Bd4 Nd7 14. Bxg7 Kxg7 15. Nd4 Ngf6 16. a5 Ne4 17. Nxe4 Rxe4 18. f4 Nf6 19. Bf3 $36 {[%mdl 2048] Keeping Black busy.} Re8 {[#]} 20. Qc3 ({White should try} 20. a6 $1 $16 {[%mdl 512]}) 20... a6 $14 21. Rae1 Rxe1 22. Rxe1 Bd7 23. h3 Rc8 24. g4 {And now Ne6+! would win.} g5 $2 {[#]} (24... Kh7 $1 $14) 25. h4 $1 {[%mdl 512]} Kg6 $2 (25... gxh4 $6 26. g5) (25... gxf4 26. g5 Kg6) 26. h5+ (26. fxg5 $142 Nxg4 27. Be4+ Kh5 28. Qf3) 26... Kg7 $18 27. fxg5 hxg5 28. Bd1 $2 (28. Be4 $1 $18 {is the precise move to win.}) 28... c5 $2 (28... Kh7 $16) 29. dxc6 bxc6 30. Rf1 d5 $2 {[#]} (30... Kg8 31. Ne6 Bxe6) 31. Nf5+ $2 (31. Rxf6 $1 {[%mdl 512]} c5 (31... Qxf6 32. Nf5+) 32. Rg6+ $3 {[%mdl 512]} Kf8 33. h6 $3 {[%mdl 512]}) 31... Bxf5 32. Rxf5 {Strongly threatening h6+!} d4 33. Qf3 {Threatens to win with h6+!} (33. Rxg5+ Kh8 $18) 33... Qe7 34. Rxg5+ Kh8 (34... Kf8 {was worth a try.} 35. Rf5 Qe1+ 36. Kg2 Re8) 35. Rf5 $2 (35. Qf4 $18 Re8 36. Bf3 (36. Qxd4 Rd8 $17)) 35... Qe1+ (35... Nxg4 $5 {[%cal Rc8g8]} 36. Rxf7 (36. Qxg4 $2 Rg8 $19) 36... Qe1+ 37. Qf1 Qg3+ 38. Qg2 Qe3+ 39. Kf1 Re8 40. Qxg4 Qe1+ 41. Kg2 Rg8 $17) 36. Qf1 Qg3+ 37. Qg2 Qe1+ $2 (37... Qxg2+ $1 $11 38. Kxg2 Nd5) 38. Rf1 Qe5 39. Qh2 $1 {[%cal Rh2e5]} Qe3+ 40. Qf2 Nd5 41. Bf3 f5 (41... Rb8 $18 42. b3 Rb5 43. Bxd5 Rxd5 44. Qxe3 dxe3) 42. Bxd5 ({Better is} 42. Re1 $16 Qxf2+ 43. Kxf2) 42... cxd5 $16 {[%mdl 4096] Endgame KQR-KQR} 43. Kg2 $2 (43. Qxe3 $11 dxe3 44. c3 (44. Rxf5 Rxc2 45. Kf1 d4 $11) 44... fxg4 45. Rf6) 43... Qe4+ $19 44. Kg3 $2 {[%mdl 8192]} (44. Qf3 $17 fxg4 45. Qxe4 dxe4 46. Rf4) 44... Qxg4+ 45. Kh2 Qxh5+ 46. Kg3 Rg8+ 47. Kf4 Qg4+ (47... Rg4+ $142 48. Ke5 Qe8+ 49. Kd6 Rg6+ 50. Kxd5 Qc6+ 51. Kxd4 Rd6+ 52. Ke5 Qd5+ 53. Kf4 Qe4+ 54. Kg3 Qg4+ 55. Kh2 Rh6+ 56. Qh4 Rxh4#) 48. Ke5 Qe4+ 49. Kd6 {[#]} Rg6+ $1 50. Kc5 Qe7+ 51. Kxd4 {[#]} Qe4+ $2 (51... Qg7+ $1 $19 52. Ke3 Rg3+ 53. Kf4 Qc7+ 54. Kxf5 Qh7+ 55. Ke6 Qe4+ 56. Kd7 Rg7+ 57. Kd6 Rg6+ 58. Qf6+ Rxf6+ 59. Rxf6 Qxc2 60. Kxd5 Qxb2) 52. Kc3 $11 d4+ $2 {[%mdl 8192] Precision: White = 45%, Black = 32%.} (52... Rg4 $11) 1-0